000 00388nam a2200157Ia 4500
008 221030s9999 xx 000 0 und d
020 _a8170081521
041 _aEnglish
082 _a105.23
_bBali
100 _aN. P. Bali
245 0 _aGolden Differential Calculus
_cby N. P. Bali
260 _bLaxmi Pub.
_aNew Delhi
_c2001
300 _a1079
650 _aBE Mathematics
942 _cBK
999 _c6963
_d6963